000 00620nam a2200241Ia 4500
003 OSt
005 20220924133521.0
006 a|||||r|||| 00| 0
007 ta
008 220923b |||||||| |||| 00| 0 guj d
024 _a266440
037 _cTextual
040 _aARTS
_cARTS
_bguj
041 _2guj
_aguj
082 _aO156,3NGOS,1, L5
100 _aGoswami Bhojrajagiri M.
_9206689
245 0 _aJai sorath
260 _c1975
300 _a355p.
_ccm.
650 _aGUJRATI LITERATURE
942 _hO156,3NGOS,1, L5
_cTEXL
_2CC
999 _c434134
_d434134